| 000 | 00336nam a22001337a 4500 | ||
|---|---|---|---|
| 008 | 170602b xxu||||| |||| 00| 0 eng d | ||
| 020 | _a9780425207659 | ||
| 041 | _aeng | ||
| 080 | _a93 | ||
| 100 | _a17 | ||
| 101 | _aSHH | ||
| 245 |
_aA HISTORICAL CHRONICLE OF SERIAL MURDER AND FORENSIC INVESTIGATION _cRAMSLAND, K |
||
| 942 |
_2udc _cBK |
||
| 999 |
_c15708 _d15708 |
||